000 00609nam a22002297a 4500
003 UA-OsUOA
001 79413
007 ta
008 20111109b un ||||| |||| 00| 0 ukr d
100 _aГужва О.
700 _aОвчаренко В.
090 _a32
_bГ93
942 _cSA
040 _aUA-OsUOA
_bukr
_cUA-OsUOA
_dUA-OsUOA
245 _aГлобалістика і футурологія: концептуалізація понять
300 _aС.16-19
955 _a0
041 _aukr
080 _a32
773 0 _w79408
_tВіче
_dК.
_d2011
_g20
650 7 _a32 Політика
_2UDC
999 _c365735
_d365735